00534nam a22001817a 450000500170000001000150001702000260003203500130005803700130007108200110008410000180009524500670011326000390018027000530021930000220027250000400029470000180033420150611145914.0 aENG-113005 a9788179104422c495.00 aEN-96537 bDBAD/PUB a303.61 aRawat, Rajesh aGandhi and non- violence /cby Rajesh Rawat [and] Ashok Sharma aJaipurbAavishkar Publishersc2013 a807, Vyas Building, Chaura RastabJaipure302003 ax,134p.c22cm(Hb) aIncludes bibliographical references aSharma, Ashok